000 00905nam a2200241Ia 4500
003 OSt
005 20220923223447.0
006 a|||||r|||| 00| 0
007 ta
008 220922b |||||||| |||| 00| 0 hin d
024 _a216,543
037 _cTextual
040 _aARTS
_cARTS
_bhin
041 _2hin
_ahin
082 _aV2y7M69, 152P3
100 _aमण्डल, मुल्हाय
_9156279
245 0 _aगाँधी का प्रगती दर्शन
_b लोहिया एवं जे पी के विशेष सन्दर्भ में
246 _aGāँdhī kā pragatī darshana: lohiyā evan je.pī ke visheṣh sandarbha mean
260 _aवाराणसी
_b भारत-भारती
_c2003
300 _a340i`
_ccm.
942 _hV2y7M69, 152P3
_cTEXL
_2CC
999 _c365475
_d365475